000 00551nam a22001697a 4500
003 NUST
038 _aNusrat Nadeem
082 _a200
100 _aAli, Ahmed
_934414
245 _aThe Impact of Environmental Stringency on Exports of Environmental Goods: Case Study of Pakistan/
_cAhmed Ali,
264 _aIslamabad,
_bS3H NUST,
_c2023.
300 _aill:
_b81,p:
_c30,cm.
650 _aMS-Economics
_9123068
700 _aSupervisor: Dr. Samina Naveed
_9120216
856 _u http://10.250.8.41:8080/xmlui/handle/123456789/39165
942 _2ddc
_cSC
999 _c607616
_d607616